David Jason Filmography - Statistics

General Stats
  • This quiz has been taken 37 times
    4 since last reset
  • The average score is 10 of 110
Answer Stats
Type Year Name % Correct
TV Show 1992-2010 A Touch of Frost
100%
TV Show 1981-2013 Only Fools and Horses
100%
TV Show 1976-1985 Open All Hours
100%
TV Show 1975, 1977 Porridge
100%
TV Show 2013-2019 Still Open All Hours
100%
TV Show 1991-1993 The Darling Buds of May
75%
TV Show 1989 A Bit of a Do
50%
TV Show 1977-1981 A Sharp Intake of Breath
50%
TV Show 1967-1969 Do Not Adjust Your Set
50%
TV Show 1981-1992 Danger Mouse
25%
Documentary Mini-Series 2019 David Jason: Planes, Trains and Automobiles
25%
TV Show 1974 It's Only Me: Whoever I Am
25%
TV Show 1975-1976 Lucky Feller
25%
TV Show 1968 Randall and Hopkirk (Deceased)
25%
TV Show 1971 Six Dates with Barker
25%
Film 1978 The Odd Job
25%
TV Film 1983 The Wind in the Willows
25%
TV Show 1984-1988 The Wind in the Willows
25%
TV Show 1973 7 of 1
0%
Radio Play 2008 A Christmas Carol
0%
Film 2021 A Cold Supper Behind Harrods
0%
Theater 2021 A Cold Supper Behind Harrods
0%
TV Film 2009 Albert's Memorial
0%
TV Film 1999 All the King's Men
0%
TV Show 1999 Angelmouse
0%
TV Documentary 1985 Bestseller
0%
Commercial 1985 British Telecom Phonecard
0%
TV Film 1969 Canada Goose
0%
TV Film 2006 Cartoon Kings
0%
TV Film 2010 Come Rain Come Shine
0%
TV Show 1988-1993 Count Duckula
0%
TV Show 1969 Counterstrike
0%
TV Show 1966 Crossroads
0%
TV Show 2024 David and Jay's Touring Toolshed
0%
TV Documentary 2010 David Jason: Battle of Britain
0%
Documentary Mini-Series 2008 David Jason: Frost and Me
0%
Short TV Documentary 1997 David Jason in His Element
0%
Documentary Mini-Series 2017 David Jason: My Life on Screen
0%
Documentary Mini-Series 2020 David Jason's Great British Inventions
0%
TV Documentary 2011 David Jason's Great Escapes
0%
Documentary Mini-Series 2017 David Jason's Secret Service
0%
TV Mini-Series 2005, 2007 Diamond Geezer
0%
TV Film 2004 The Second Quest
0%
TV Show 1971 Doctor at Large
0%
TV Show 1974 Doctor at Sea
0%
TV Show 1970 Doctor in the House
0%
TV Show 2005-2018 Doraemon
0%
TV Show 2001 Dora the Explorer
0%
TV Show 1984 Dramarama
0%
TV Short 1998 Father Christmas and the Missing Reindeer
0%
TV Film 1994 Felidae
0%
TV Documentary 2020 Flying for Britain with David Jason
0%
TV Show 1969 Galton and Simpson Comedy
0%
TV Film 2006 Ghostboat
0%
TV Show 1969-1970 Hark at Barker
0%
TV Show 1972 His Lordship Entertains
0%
TV Show 1967 Hugh and I
0%
TV Show 2024 I'm a LA, Get Me Out of Here!
0%
TV Show 2005-2018 Little Einsteins
0%
TV Film 1998 March in Windy City
0%
TV Show 2001-2002 Micawber
0%
Commercial 1975 Milk
0%
TV Film 1965 Mother Goose
0%
TV Show 2010 Muddle Earth
0%
Documentary Series 2006 Nation on Film
0%
TV Show 1989-1990 Oh! Mr. Toad
0%
TV Short 2014 Only Fools and Horses: Beckham in Peckham
0%
Short Film 1982 Only Fools and Horses: Christmas Trees
0%
TV Documentary 2023 Only Fools and Horses: Greatest Christmas Moments
0%
Short Film 1984 Only Fools and Horses: Licensed to Drill
0%
TV Short 1997 Only Fools and Horses: Only Fools Cutaway
0%
TV Show 2014-2020 Pip Ahoy!
0%
Documentary Series 2014 Porridge: Inside Out
0%
TV Mini-Series 1987 Porterhouse Blue
0%
Documentary Series 2006 Prehistoric Park
0%
Film 1975 Royal Flash
0%
TV Show 1993 Screen One
0%
TV Show 1990 Screenplay
0%
TV Show 1973 Seven of One
0%
TV Show 1990 Single Voices
0%
TV Show 1966 Softly, Softly
0%
TV Show 2021 Strictly Come Dancing
0%
TV Film 2006 Terry Pratchett's Hogfather
0%
TV Mini-Series 2008 Terry Pratchett's The Colour of Magic
0%
Commercial 2003-2004 Tesco Insurance
0%
TV Show 1996-1997 The Adventures of Dawdle the Donkey
0%
TV Show 2023 The Apprentice UK
0%
TV Film 1989 The BFG
0%
TV Show 1967, 1979 The Dick Emery Show
0%
TV Film 2004 The Final Quest
0%
TV Film 1982 The Funny Side of Christmas
0%
Radio Series 1978 The Hitchhiker's Guide to the Galaxy
0%
Radio Series 1977-1981 The Jason Explanation
0%
TV Documentary 2021 The Lancaster Bomber at 80
0%
TV Show 1993-1995 The Legends of Treasure Island
0%
TV Show 1978 The Les Dawson Show
0%
TV Show 2002 The Quest
0%
Theater 1972 The Rivals
0%
TV Mini-Series 2011-2012 The Royal Bodyguard
0%
TV Film 1995 The Snow Queen
0%
TV Show 1977 The Sound of Laughter
0%
TV Mini-Series 2017 The Story of... Only Fools and Horses...
0%
TV Show 1974 The Top Secret Life of Edgar Briggs
0%
Film 1978 The Water Babies
0%
TV Show 1970 Two D's and a Dog
0%
Film 1971 Under Milk Wood
0%
TV Show 1991-1992 Victor & Hugo: Bunglers in Crime
0%
Radio Series 1970-1998 Week Ending
0%
Film 1973 White Cargo
0%
Film 1977 Wombling Free
0%
No matching quizzes found
Score Distribution
Percent of People with Each Score
Percentile by Number Answered
Your Score History
You have not taken this quiz since the last reset